[Event "Hessen-ch U14"]
[Site "Bad Homburg"]
[Date "2015.04.03"]
[Round "7"]
[White "Karl, Florian"]
[Black "Kersten, Kay Lukas"]
[Result "1/2-1/2"]
[WhiteElo "1362"]
[BlackElo "1719"]
[PlyCount "47"]
[EventDate "2015.03.30"]
[EventType "swiss"]
[EventRounds "7"]
[EventCountry "GER"]
[SourceTitle "EXT 2017"]
[Source "ChessBase"]
[SourceDate "2016.10.25"]
[SourceVersion "1"]
[SourceVersionDate "2016.10.25"]
[SourceQuality "1"]

1. d4 d5 2. c4 e6 3. Nc3 Nf6 4. e3 Be7 5. Nf3 0-0 6. Qc2 a6 7. Be2 dxc4 8. Bxc4 b5 9. Bd3 Nbd7 10. 0-0 c5 11. dxc5 Nxc5 12. Be2 Bb7 13. b4 Nce4 14. Nxe4 Bxe4 15. Qb3 Bd5 16. Qb2 Nd7 17. a3 Rc8 18. Qd2 Bf6 19. Bb2 Qe7 20. Rfd1 Rfd8 21. Bxf6 Nxf6 22. Qb2 Be4 23. Rxd8+ Qxd8 24. Rc1 1/2-1/2

[Event "Hessen-ch U14"]
[Site "Bad Homburg"]
[Date "2015.04.02"]
[Round "6"]
[White "Kersten, Kay Lukas"]
[Black "Bajorski, Marius"]
[Result "0-1"]
[WhiteElo "1719"]
[BlackElo "1759"]
[PlyCount "58"]
[EventDate "2015.03.30"]
[EventType "swiss"]
[EventRounds "7"]
[EventCountry "GER"]
[SourceTitle "EXT 2017"]
[Source "ChessBase"]
[SourceDate "2016.10.25"]
[SourceVersion "1"]
[SourceVersionDate "2016.10.25"]
[SourceQuality "1"]

1. e4 e5 2. Nf3 Nc6 3. Nc3 Nf6 4. Bb5 Nd4 5. Bc4 Bc5 6. d3 d6 7. Be3 Bb6 8. 0-0 Bg4 9. Bxd4 Bxd4 10. h3 Bh5 11. g4 Bxc3 12. bxc3 Bg6 13. Nd2 h5 14. g5 Nh7 15. h4 f6 16. Nf3 fxg5 17. hxg5 Nxg5 18. Kh2 Qf6 19. Nxg5 Qxg5 20. Qf3 Qh4+ 21. Qh3 Qxh3+ 22. Kxh3 Bf7 23. Bxf7+ Kxf7 24. f4 exf4 25. Rxf4+ Ke7 26. Rg1 Rag8 27. Kh4 g6 28. Kg5 Rf8 29. Rxf8 Kxf8 0-1

[Event "Hessen-ch U14"]
[Site "Bad Homburg"]
[Date "2015.03.30"]
[Round "2"]
[White "Kersten, Kay Lukas"]
[Black "Viol, Julius"]
[Result "1/2-1/2"]
[WhiteElo "1719"]
[BlackElo "1558"]
[PlyCount "41"]
[EventDate "2015.03.30"]
[EventType "swiss"]
[EventRounds "7"]
[EventCountry "GER"]
[SourceTitle "EXT 2017"]
[Source "ChessBase"]
[SourceDate "2016.10.25"]
[SourceVersion "1"]
[SourceVersionDate "2016.10.25"]
[SourceQuality "1"]

1. e4 e6 2. d4 d5 3. exd5 exd5 4. Nf3 Nf6 5. Bf4 Bg4 6. Be2 Bd6 7. Qd2 0-0 8. 0-0 Re8 9. Re1 Ne4 10. Qc1 Qf6 11. Bxd6 Nxd6 12. c3 Nd7 13. h3 Bxf3 14. Bxf3 Rxe1+ 15. Qxe1 Re8 16. Qd1 c6 17. Nd2 Nf5 18. Bg4 g6 19. Qf3 h5 20. Bxf5 Qxf5 21. Qxf5 1/2-1/2

[Event "Karl Mala Memorial op-B 17th"]
[Site "Frankfurt"]
[Date "2014.08.03"]
[Round "7"]
[White "Giebitz, Walter"]
[Black "Kersten, Kay Lukas"]
[Result "1/2-1/2"]
[WhiteElo "1354"]
[BlackElo "1707"]
[PlyCount "79"]
[EventDate "2014.07.31"]
[EventType "swiss"]
[EventRounds "7"]
[EventCountry "GER"]
[SourceTitle "EXT 2015"]
[Source "ChessBase"]
[SourceDate "2014.11.20"]
[SourceVersion "1"]
[SourceVersionDate "2014.11.20"]
[SourceQuality "1"]

1. e4 e5 2. Bc4 Nc6 3. Nc3 Nf6 4. Nf3 Nxe4 5. Nxe4 d5 6. Bxd5 Qxd5 7. d3 Bf5 8. Nc3 Qe6 9. 0-0 Bd6 10. Nb5 0-0 11. Be3 Bg4 12. h3 Bh5 13. g4 Bg6 14. a3 Rad8 15. Nxd6 cxd6 16. Re1 d5 17. Qe2 e4 18. dxe4 Bxe4 19. Ng5 Qf6 20. Nxe4 dxe4 21. c3 Ne5 22. Bd4 Nf3+ 23. Kg2 Nxe1+ 24. Rxe1 Qf3+ 25. Qxf3 exf3+ 26. Kxf3 b6 27. Re2 Rfe8 28. a4 Rxe2 29. Kxe2 Rd6 30. Be3 h6 31. b4 Kf8 32. c4 Ke8 33. c5 Re6 34. a5 bxc5 35. bxc5 Kd7 36. Kf3 Kc6 37. h4 Kb5 38. c6 a6 39. c7 Rc6 40. Bb6 1/2-1/2

[Event "Karl Mala Memorial op-B 17th"]
[Site "Frankfurt"]
[Date "2014.08.03"]
[Round "6"]
[White "Kersten, Kay Lukas"]
[Black "Mailitis, Ricardo"]
[Result "1/2-1/2"]
[WhiteElo "1707"]
[BlackElo "1184"]
[PlyCount "45"]
[EventDate "2014.07.31"]
[EventType "swiss"]
[EventRounds "7"]
[EventCountry "GER"]
[SourceTitle "EXT 2015"]
[Source "ChessBase"]
[SourceDate "2014.11.20"]
[SourceVersion "1"]
[SourceVersionDate "2014.11.20"]
[SourceQuality "1"]

1. e4 e5 2. Nf3 Nc6 3. Nc3 Nf6 4. Bb5 d6 5. Bxc6+ bxc6 6. h3 Be6 7. d4 exd4 8. Nxd4 Bd7 9. Bg5 Be7 10. 0-0 0-0 11. Qf3 Rb8 12. Rab1 h6 13. Be3 c5 14. Nf5 Bxf5 15. Qxf5 Qd7 16. Qxd7 Nxd7 17. Nd5 Bd8 18. Rfd1 Nb6 19. Nxb6 Rxb6 20. a3 Bf6 21. b4 Re8 22. f3 Reb8 23. Rdc1 1/2-1/2

[Event "Karl Mala Memorial op-B 17th"]
[Site "Frankfurt"]
[Date "2014.07.31"]
[Round "1"]
[White "Schilay, Eva"]
[Black "Kersten, Kay Lukas"]
[Result "0-1"]
[WhiteElo "1355"]
[BlackElo "1707"]
[PlyCount "86"]
[EventDate "2014.07.31"]
[EventType "swiss"]
[EventRounds "7"]
[EventCountry "GER"]
[SourceTitle "EXT 2015"]
[Source "ChessBase"]
[SourceDate "2014.11.20"]
[SourceVersion "1"]
[SourceVersionDate "2014.11.20"]
[SourceQuality "1"]

1. Nc3 e6 2. Nf3 d5 3. e4 dxe4 4. Nxe4 Nf6 5. Nc3 Nc6 6. a3 Bc5 7. Bc4 0-0 8. d3 a6 9. Bg5 h6 10. Bh4 Be7 11. Bg3 Nh5 12. Ne4 Nxg3 13. Nxg3 Bc5 14. Ne4 Ba7 15. 0-0 Qe7 16. Qd2 Rd8 17. Qc3 Bd4 18. Nxd4 Nxd4 19. Rfe1 b5 20. Ba2 Bb7 21. Nc5 Nf3+ 22. Kh1 Nxe1 23. Nxb7 Rdb8 24. Rxe1 Rxb7 25. Bd5 c6 26. Bf3 Rc8 27. Re5 Rd7 28. Rc5 Rdc7 29. Qd4 Qf6 30. Qxf6 gxf6 31. h3 e5 32. Be4 Kf8 33. Bf5 Rd8 34. Be4 Ke7 35. Rxc6 Rxc6 36. Bxc6 Rc8 37. Bb7 Rxc2 38. Bxa6 Rxb2 39. f3 Kd6 40. Kh2 Kc6 41. Kg3 Rb3 42. Kg4 Rxa3 43. Bc8 Ra8 0-1

[Event "Karl Mala Memorial op-B 16th"]
[Site "Frankfurt"]
[Date "2013.07.14"]
[Round "7"]
[White "Muegendt, Brian Christopher"]
[Black "Kersten, Kay Lukas"]
[Result "1/2-1/2"]
[WhiteElo "1516"]
[BlackElo "1114"]
[PlyCount "101"]
[EventDate "2013.07.11"]
[EventType "swiss"]
[EventRounds "7"]
[EventCountry "GER"]
[SourceTitle "CBM 155 Extra"]
[Source "ChessBase"]
[SourceDate "2013.08.26"]
[SourceVersion "1"]
[SourceVersionDate "2013.08.26"]
[SourceQuality "1"]

1. e4 e5 2. Nf3 Nf6 3. Nc3 Nc6 4. Bc4 Nxe4 5. Nxe4 d5 6. Bb5 dxe4 7. Nxe5 Qd5 8. Bxc6+ bxc6 9. Ng4 Bc5 10. 0-0 0-0 11. Ne3 Qe5 12. Nc4 Qf6 13. Qe2 Qg6 14. Ne3 Bh3 15. f3 exf3 16. Rxf3 Bg4 17. Kf1 Bxf3 18. gxf3 Rfe8 19. c3 Rad8 20. Qg2 Qxg2+ 21. Kxg2 Bxe3 22. dxe3 Rd1 23. Kf2 Kf8 24. b3 Kg8 25. Kg3 Rxe3 26. Bxe3 Rxa1 27. Bxa7 Rxa2 28. Bb8 Ra3 29. Bxc7 Rxb3 30. Be5 f6 31. Bd4 c5 32. Bxc5 Rxc3 33. Bd6 Kf7 34. Kg4 Kg6 35. h4 Kf7 36. Bf4 Rc4 37. Kg3 Ke6 38. Bd2 Kf5 39. Be3 h6 40. Bd2 g5 41. hxg5 fxg5 42. Be3 h5 43. Bd2 Rd4 44. Ba5 Rd3 45. Kg2 g4 46. fxg4+ hxg4 47. Bc7 Rf3 48. Bd6 Ke4 49. Bc7 Kd3 50. Bd6 Ke2 51. Bc7 1/2-1/2

[Event "Karl Mala Memorial op-B 16th"]
[Site "Frankfurt"]
[Date "2013.07.13"]
[Round "5"]
[White "Hilgert, Felix"]
[Black "Kersten, Kay Lukas"]
[Result "1/2-1/2"]
[WhiteElo "1666"]
[BlackElo "1114"]
[PlyCount "55"]
[EventDate "2013.07.11"]
[EventType "swiss"]
[EventRounds "7"]
[EventCountry "GER"]
[SourceTitle "CBM 155 Extra"]
[Source "ChessBase"]
[SourceDate "2013.08.26"]
[SourceVersion "1"]
[SourceVersionDate "2013.08.26"]
[SourceQuality "1"]

1. d4 d5 2. Nf3 Nf6 3. c4 e6 4. Nc3 Be7 5. Bg5 0-0 6. e3 a6 7. Bd3 dxc4 8. Bxc4 b5 9. Bd3 Bb7 10. 0-0 Nbd7 11. Rc1 Rc8 12. Bxf6 Nxf6 13. Ne5 Bd6 14. Ng4 Nxg4 15. Qxg4 Qf6 16. Ne4 Bxe4 17. Qxe4 Qh6 18. g3 f5 19. Qc6 Ra8 20. d5 e5 21. f4 e4 22. Be2 Qf6 23. Rc2 g6 24. Bd1 Kh8 25. Rg2 g5 26. Rff2 g4 27. Rc2 Qe7 28. Be2 1/2-1/2

[Event "Karl Mala Memorial op-B 16th"]
[Site "Frankfurt"]
[Date "2013.07.11"]
[Round "1"]
[White "Kaulbars, Pascal"]
[Black "Kersten, Kay Lukas"]
[Result "0-1"]
[WhiteElo "1612"]
[BlackElo "1114"]
[PlyCount "94"]
[EventDate "2013.07.11"]
[EventType "swiss"]
[EventRounds "7"]
[EventCountry "GER"]
[SourceTitle "CBM 155 Extra"]
[Source "ChessBase"]
[SourceDate "2013.08.26"]
[SourceVersion "1"]
[SourceVersionDate "2013.08.26"]
[SourceQuality "1"]

1. e4 e5 2. f4 d6 3. Nf3 Nc6 4. Bc4 h6 5. 0-0 Nf6 6. Nc3 Be7 7. d4 exd4 8. Nxd4 Nxd4 9. Qxd4 0-0 10. Qe3 Be6 11. Bd3 d5 12. exd5 Nxd5 13. Qg3 Nxc3 14. f5 Qd4+ 15. Be3 Qd6 16. Qxd6 Bxd6 17. fxe6 Nd5 18. exf7+ Kh8 19. Bd4 c5 20. Bc3 Nxc3 21. bxc3 Be5 22. Be4 Rab8 23. Rab1 b6 24. Rb3 Rbc8 25. c4 Rc7 26. Rbf3 Re7 27. Bc6 Bf6 28. Be8 Re2 29. c3 Rxa2 30. Rd1 Rc2 31. Rdd3 Rc1+ 32. Kf2 Rc2+ 33. Kg3 a5 34. Rfe3 Rc1 35. Rd6 a4 36. Rxb6 Bxc3 37. Ra6 Bd4 38. Re7 Rc3+ 39. Kg4 Rxc4 40. Bb5 Bf6+ 41. Re4 Rxe4+ 42. Kg3 Be5+ 43. Kf3 Rf4+ 44. Ke3 R8xf7 45. Ra8+ Rf8 46. Ra7 Bd4+ 47. Kd3 c4+ 0-1

[Event "Hessen-ch U12"]
[Site "Bad Homburg"]
[Date "2013.??.??"]
[Round "1"]
[White "Kersten, Kay Lukas"]
[Black "Diewald, Simon"]
[Result "1-0"]
[WhiteElo "1197"]
[BlackElo "813"]
[PlyCount "69"]
[EventDate "2013.03.??"]
[EventType "swiss"]
[EventRounds "9"]
[EventCountry "GER"]
[SourceTitle "EXT 2014"]
[Source "ChessBase"]
[SourceDate "2013.11.20"]
[SourceVersion "1"]
[SourceVersionDate "2013.11.20"]
[SourceQuality "1"]

1. e4 d6 2. d4 g6 3. Nf3 Bg7 4. Nc3 a6 5. Bd3 b5 6. 0-0 Bb7 7. Be3 e6 8. Qd2 Ne7 9. a3 Nd7 10. Bh6 0-0 11. Bxg7 Kxg7 12. Rfe1 Nf6 13. e5 Nd7 14. Be4 d5 15. Bd3 c5 16. dxc5 Nxc5 17. b4 Nxd3 18. Qxd3 Rc8 19. Rac1 Nf5 20. Qd2 Rg8 21. Ne2 Qe7 22. c3 Rc7 23. Ned4 Nxd4 24. cxd4 Rgc8 25. h3 Rxc1 26. Rxc1 Rxc1+ 27. Qxc1 f6 28. exf6+ Qxf6 29. Ne5 Qh4 30. Qc7+ Kf6 31. Qd8+ Kf5 32. Qxh4 h5 33. g4+ Ke4 34. gxh5+ Kf5 35. hxg6 1-0

[Event "Hessen-ch U12"]
[Site "Bad Homburg"]
[Date "2013.??.??"]
[Round "7"]
[White "Kersten, Kay Lukas"]
[Black "Engert, Kiyan"]
[Result "1/2-1/2"]
[WhiteElo "1197"]
[BlackElo "945"]
[PlyCount "96"]
[EventDate "2013.03.??"]
[EventType "swiss"]
[EventRounds "9"]
[EventCountry "GER"]
[SourceTitle "EXT 2014"]
[Source "ChessBase"]
[SourceDate "2013.11.20"]
[SourceVersion "1"]
[SourceVersionDate "2013.11.20"]
[SourceQuality "1"]

1. e4 e5 2. Nf3 Nc6 3. Nc3 Bc5 4. Nxe5 Nxe5 5. d4 Bxd4 6. Qxd4 Nc6 7. Qd1 d6 8. Bc4 Be6 9. Bd3 Nge7 10. 0-0 Ng6 11. f4 Bd7 12. f5 Nge5 13. Qe1 Nxd3 14. cxd3 Nd4 15. Qg3 Qf6 16. Kh1 0-0-0 17. Bg5 Qe5 18. Qxe5 dxe5 19. Bxd8 Rxd8 20. Rac1 f6 21. Nd5 c6 22. Nc3 Be8 23. Rfe1 Bh5 24. h3 g5 25. g4 Bf7 26. Rcd1 Nc2 27. Re2 Nd4 28. Red2 h5 29. b3 h4 30. Ne2 Nf3 31. Rc2 Kb8 32. Kg2 Nd4 33. Nxd4 Rxd4 34. Kf2 Kc7 35. Ke3 b6 36. Rdc1 c5 37. Rc3 Kb7 38. a3 Be8 39. Rc4 Bb5 40. Rxd4 cxd4+ 41. Kd2 Kb8 42. a4 Be8 43. Rc4 Kb7 44. Kc2 a6 45. Kb2 a5 46. Ka3 b5 47. Rc5 b4+ 48. Kb2 Bc6 1/2-1/2

[Event "Hessen-ch U12"]
[Site "Bad Homburg"]
[Date "2013.??.??"]
[Round "3"]
[White "Kersten, Kay Lukas"]
[Black "Rudolph, Sebastian"]
[Result "1-0"]
[WhiteElo "1197"]
[BlackElo "961"]
[PlyCount "45"]
[EventDate "2013.03.??"]
[EventType "swiss"]
[EventRounds "9"]
[EventCountry "GER"]
[SourceTitle "EXT 2014"]
[Source "ChessBase"]
[SourceDate "2013.11.20"]
[SourceVersion "1"]
[SourceVersionDate "2013.11.20"]
[SourceQuality "1"]

1. e4 e5 2. Nf3 Nc6 3. Nc3 Nf6 4. Bb5 Bb4 5. Bxc6 bxc6 6. Nxe5 Qe7 7. Nf3 Bxc3 8. bxc3 Nxe4 9. 0-0 0-0 10. Re1 Re8 11. d3 d5 12. dxe4 dxe4 13. Nd4 Rd8 14. Nxc6 Rxd1 15. Nxe7+ Kf8 16. Rxd1 Kxe7 17. Re1 Bf5 18. Bf4 Rc8 19. f3 Kf8 20. fxe4 Bg6 21. Rad1 Kg8 22. Bxc7 Rxc7 23. Rd8# 1-0

[Event "Karl Mala Memorial op 15th"]
[Site "Frankfurt"]
[Date "2012.07.06"]
[Round "3"]
[White "Neuhaus, Joachim"]
[Black "Kersten, Kay Lukas"]
[Result "1/2-1/2"]
[WhiteElo "1413"]
[BlackElo "984"]
[PlyCount "44"]
[EventDate "2012.07.05"]
[EventType "swiss"]
[EventRounds "7"]
[EventCountry "GER"]
[SourceTitle "CBM 149 Extra"]
[Source "ChessBase"]
[SourceDate "2012.08.24"]
[SourceVersion "1"]
[SourceVersionDate "2012.08.24"]
[SourceQuality "1"]

1. e4 e5 2. Nf3 Nf6 3. Nc3 Nc6 4. Bb5 d6 5. d4 Bd7 6. d5 Nb8 7. 0-0 c6 8. Bc4 b5 9. Bb3 Be7 10. Re1 0-0 11. a3 Na6 12. Ba2 Nc7 13. b4 cxd5 14. Nxd5 Bc6 15. c4 Qd7 16. Bg5 Qd8 17. Nxc7 Qxc7 18. Bxf6 Bxf6 19. Rc1 Qb7 20. Qxd6 bxc4 21. Rxc4 Rac8 22. Qd3 Bb5 1/2-1/2